00469 2200181 4500245006400000020002200064250001100086100002300097100001700120700001500137650002300152005001900175260003500194041001400229084001000243300002500253336000900278 a5 Cara Jadi Orang Islam yang KayacUst. Ahmad MansyurhText a978-979-013-062-3 aCet. 1 aUst. Ahmad Mansyur aDodi Mawardi aKomaruddin aIbadah dalam Islam a20241018123908 aJakartabRaih Asa Suksesc2008 aIndonesia a297.3 aiv + 92 hl. :c20 cm atext